| 000 | 00000nam##2200000za#4500 |
| 001 | 9.570596 |
| 003 | CaOODSP |
| 005 | 20230629103825 |
| 007 | cr ||||||||||| |
| 008 | 150406|2003||||xxc|||||o f|0| 0 eng|d |
| 040 | |aCaOODSP|beng |
| 043 | |an-cn--- |
| 086 | 1 |aYC11-0/372-12E-PDF |
| 110 | 1 |aCanada. |bParliament. |bSenate. |bStanding Committee on Banking, Trade and Commerce. |
| 245 | 10|aNavigating through "the perfect storm" : |h[electronic resource]|bsafeguards to restore investor confidence / |cThe Honourable E. Leo Kolber, chair; The Honourable David Tkachuk, deputy chair. |
| 246 | 3 |aReport of the Standing Senate Committee on Banking, Trade and Commerce |
| 260 | |aOttawa - Ontario : |bSenate. |cJune 2003. |
| 300 | |a91p. |
| 490 | 1 |aReport of the Standing Senate Committee on Banking, Trade and Commerce|v[37th Parliament, 2nd Session, 12th report] |
| 590 | |a11-12-Supp|b2011-07-29 |
| 775 | 08|tAprès "la tempête du siècle" : |w(CaOODSP)9.601243 |
| 830 | #0|aReport of the Standing Senate Committee on Banking, Trade and Commerce ;|v[37th Parliament, 2nd Session, 12th report]|w(CaOODSP)9.505261 |
| 856 | 40|ahttp://publications.gc.ca|qPDF|s325 KB|uhttps://publications.gc.ca/collections/collection_2011/sen/yc11-0/YC11-0-372-12-eng.pdf|y[37th Parliament, 2nd Session, 12th report] |